Forensic Analysis of IIS FTP Publishing Service (Version 7.5) / (Record no. 608211)
[ view plain ]
| 000 -LEADER | |
|---|---|
| fixed length control field | 00664nam a22001337a 4500 |
| 082 ## - DEWEY DECIMAL CLASSIFICATION NUMBER | |
| Classification number | 005.8,KHA |
| 100 ## - MAIN ENTRY--PERSONAL NAME | |
| Personal name | Khalid, Saneeha |
| 9 (RLIN) | 35163 |
| 245 ## - TITLE STATEMENT | |
| Title | Forensic Analysis of IIS FTP Publishing Service (Version 7.5) / |
| Statement of responsibility, etc. | Saneeha Khalid |
| 260 ## - PUBLICATION, DISTRIBUTION, ETC. | |
| Place of publication, distribution, etc. | Rawalpindi |
| Name of publisher, distributor, etc. | MCS (NUST) |
| Date of publication, distribution, etc. | Feb 2012 |
| 300 ## - PHYSICAL DESCRIPTION | |
| Extent | ix, 58 p, |
| 505 ## - FORMATTED CONTENTS NOTE | |
| Formatted contents note | Introduction (Page-1), Literature Review (Page-6), Selection and Application of Computer Forensic Framework (Page-17), Analysis IIS FTP Publishing Service (Page-27), File Sever Activity Tracker (Page-38), Securing the Configuration File (Page-45), Conclusion and Future Work (Page-53). |
| 650 ## - SUBJECT ADDED ENTRY--TOPICAL TERM | |
| Topical term or geographic name entry element | PG Thesis |
| 9 (RLIN) | 35000 |
| 942 ## - ADDED ENTRY ELEMENTS (KOHA) | |
| Source of classification or shelving scheme | |
| Koha item type | Thesis |
| Call number prefix | 005.8,KHA |
| Withdrawn status | Lost status | Source of classification or shelving scheme | Damaged status | Not for loan | Permanent Location | Current Location | Shelving location | Date acquired | Total Checkouts | Full call number | Barcode | Date last seen | Price effective from | Koha item type | Public note |
|---|---|---|---|---|---|---|---|---|---|---|---|---|---|---|---|
| Military College of Signals (MCS) | Military College of Signals (MCS) | Thesis | 02/26/2024 | 005.8,KHA | MCSTIS-413 | 02/26/2024 | 02/26/2024 | Thesis | Only Hard Copy Available |
